002700000a22001210004500060000800000082001200008100001800020245002100038260004500059260000900104300000800113650002700121 a100 a576 FLY aFlynn, John E aNew Microbiology aNew York, Mc Graw- Hill Book Company Inc c1966 a320 aMicrobiology/ genetics